| 000 | 00675nam a22001937a 4500 | ||
|---|---|---|---|
| 999 |
_c168419 _d168419 |
||
| 005 | 20191007155156.0 | ||
| 010 | _aENG-126613 | ||
| 020 |
_a9789353282127 _c350.00 |
||
| 035 | _aEN-110145 | ||
| 037 | _bDBAD/PUB | ||
| 082 | _a658.85 | ||
| 100 | _aChaudhary, Prashant | ||
| 245 |
_aSelling and negotiation skills : _cby Somnath Debnath _ba pragmatic approach / |
||
| 260 |
_aNew Delhi _bSAGE Publications _c2019 |
||
| 270 |
_aB1/1-1, Mohan Cooperative Industrial Area _bMathura Road, New Delhi _e110044 _mwww.sagepub.in |
||
| 300 |
_avarious paging. _c24cm(pbk) |
||
| 500 | _aIncludes bibliographical references and index | ||
| 942 |
_2ddc _cEN _h658.85 _mCHA |
||